Taylor Swift - Paroles The Outside - Statistiques

Statistiques générales
  • Ce quiz a été pris 9 fois
  • Le résultat moyen est 174 sur 239
Statistiques - réponses
Hint Réponse % Correct
Couplet 1 | Pré-refrain I
100%
it
100%
outside
100%
you,
100%
Couplet 2 | Pré-refrain You
100%
you
100%
a
80%
A
80%
baby
80%
be
80%
been
80%
best
80%
better?
80%
by
80%
can
80%
didn't
80%
do
80%
find
80%
go
80%
how
80%
Refrain How
80%
in
80%
it's
80%
I've
80%
know
80%
lonely
80%
lookin'
80%
me
80%
never
80%
no
80%
now
80%
of
80%
Post-refrain Oh
80%
Outro Oh,
80%
oh,
80%
oh
80%
On
80%
on
80%
places
80%
saw
80%
see
80%
the
80%
there
80%
this
80%
this,
80%
to
80%
too
80%
try
80%
view
80%
what
80%
When
80%
would
80%
ain't
60%
all
60%
am
60%
And
60%
But
60%
but
60%
could
60%
ever
60%
for
60%
if
60%
late
60%
lot
60%
Nobody
60%
nowhere
60%
one
60%
part
60%
reason
60%
Refrain So,
60%
so
60%
still
60%
That
60%
wanted
60%
went
60%
yeah
60%
anything
40%
first
40%
give
40%
got
40%
had
40%
have
40%
helped
40%
knew
40%
let's
40%
looking
40%
nothing
40%
notices
40%
seems
40%
take
40%
times,
40%
traveled
40%
until
40%
between
20%
few
20%
less
20%
lines
20%
read
20%
right?
20%
road
20%
tried
20%
up
20%
work
20%
Aucun quiz correspondant
Distribution des résultats
% des personnes avec chaque résultat
Percentile par nombre de réponses
Votre historique - résultats
Vous n’avez pas pris ce quiz